000 01274nam0a22002771 4500
001 rc\4689426
005 20250611140057.0
035 _a(NLR Aleph) 008218014
090 _a8138225
_c8138225
100 _a20130416d1965 |||y0rusy50 ca
101 0 _arus
102 _aRU
105 _aa z |||||
200 1 _aПреобразование и стабилизация электромагнитных процессов
_e[Сборник статей
_fРед. коллегия: чл.-кор. АН УССР А.Н. Милях (отв. ред.) и др.
210 _aКиев
_cНаукова думка
_d1965]
215 _a176 с., 1 л. схем.
_cчерт.
_d20
225 1 _aАкадемия наук УССР. Республиканский межведомственный сборник
_iПроблемы технической электродинамики
_v[Вып. 1]
320 _aБиблиогр. в конце статей
606 _aПреобразователи
_jСборники
_2psbo
606 _aСтабилизаторы
_jСборники
_2psbo
702 1 _aМилях
_bА.Н.
_gАлександр Николаевич
_4340
801 0 _aRU
_bNLR
_gpsbo
801 1 _aRU
_bELAR
_2rusmarc
852 _aNLR
_j66-3/635
942 _cBOOK
980 _aNB